津島市?対馬市? - Statistics

General Stats
  • This quiz has been taken 46 times
  • The average score is 7 of 10
Answer Stats
Hint Explanation Answer % Correct
「つしま」駅がある 対馬市には鉄道は通っていない 津島市
98%
面積は500㎢以上 対馬市:707.42㎢
津島市:25.09㎢
対馬市
95%
高速道路が通っている 津島市
93%
市域のほぼ全域が海抜ゼロメートル地帯である 津島市
83%
2004年に誕生 厳原町、美津島町、豊玉町、峰町、上県町、上対馬町が合併し誕生 対馬市
69%
金田城がある 国の特別史跡 対馬市
69%
市の花はフジ 対馬市はゲンカイツツジ 津島市
67%
姉妹都市に岡山県瀬戸内市がある 他に、岐阜県中津川市や滋賀県長浜市がある 対馬市
57%
中学校が10校以上ある 対馬市:11校
津島市:4校
対馬市
50%
市内を仁田川が流れる 主に上対馬中央部 対馬市
36%
No matching quizzes found
Score Distribution
Percent of People with Each Score
Percentile by Number Answered
Your Score History
You have not taken this quiz